Γενική Χημεία

Αποθηκεύτηκε σε:
Λεπτομέρειες βιβλιογραφικής εγγραφής
Κύριος συγγραφέας: Chang, Raymond
Άλλοι συγγραφείς: Overby, Jason, 1970-
Μορφή: Βιβλίο
Γλώσσα:Greek
Δημοσίευση: Αθήνα : Παπαζήσης, 2021.
Έκδοση:1η έκδ.
Θέματα:
Ετικέτες: Προσθήκη ετικέτας
Δεν υπάρχουν, Καταχωρήστε ετικέτα πρώτοι!

MARC

LEADER 00000nam a2200000 a 4500
001 1/125846
008 230112s2021####gr | ||| |||| ||gre||
020 |a 9789600237436 
040 |a GR-MyUa  |b gre  |c GR-MyUa  |e AACR2 
041 1 |a gre 
082 7 |a 540  |2 (23) 
100 1 |a Chang, Raymond. 
245 1 0 |a Γενική Χημεία /   |c Raymond Chang, Jason Overby ; γενική επιστημονική επιμέλεια της ελληνικής έκδοσης Χριστιάνα Μητσοπούλου ; μετάφραση και επιστημονική επιμέλεια Νικόλαος Θωμαϊδης, Ιωάννης Παπαευσταθίου, Χάρης Σεμιδαλάς.  
250 |a 1η έκδ.  
260 |a Αθήνα :   |b Παπαζήσης,   |c 2021.  
300 |a xxxi, 1123 σ. :   |b έγχρ. εικ. ;   |c 29 εκ.  
500 |a Μετάφραση του: Chemistry, 13th ed.  
504 |a Περιέχει γλωσσάρι και ευρετήριο.  
650 0 |a Chemistry. 
700 1 |a Overby, Jason,   |d 1970- 
852 |a INST  |b LESVOS  |c EUDOXUS  |e 20230112  |h 540 CHA  |p 005100063957  |q 005100063957  |t EDX  |y 0 
852 |a INST  |b LESVOS  |c EUDOXUS  |e 20230112  |h 540 CHA  |p 005100063958  |q 005100063958  |t EDX  |y 0 
920 |a Εύδοξος  |b Παραγγελία  |y Λέσβος-ΤΩΘΒ  |z 2023-01 
970 |a Δημάκη  |b Μαρία  |z 12-01-2023